[Event "RUS-ch Rapid (Women)"]
[Site "Sochi"]
[Date "2023.10.16"]
[Round "9"]
[White "Khmeleva, Anna"]
[Black "Lysenko, Margarita"]
[Result "0-1"]
[WhiteElo "1769"]
[BlackElo "2264"]
[PlyCount "118"]
[EventDate "2023.10.15"]
[EventType "swiss (rapid)"]
[EventRounds "11"]
[EventCountry "RUS"]
[SourceTitle "Mega2024 Update 01"]
[Source "Chessbase"]
[SourceDate "2023.11.12"]
[SourceVersion "1"]
[SourceVersionDate "2023.11.12"]
[SourceQuality "1"]

1. d4 d5 2. c4 e6 3. Nf3 Nf6 4. g3 dxc4 5. Bg2 Bb4+ 6. Bd2 c5 7. dxc5 Bxc5 8. Qa4+ Nbd7 9. 0-0 0-0 10. Qxc4 b5 11. Qxb5 Rb8 12. Qd3 Rxb2 13. Bc3 Rb6 14. Ba5 Ba6 15. Bxb6 Qxb6 16. Qb3 Bxe2 17. Qxb6 Bxb6 18. Rc1 Ng4 19. Nc3 Bxf2+ 20. Kh1 Ba6 21. h3 Ngf6 22. g4 h6 23. Rab1 Be3 24. Re1 Bf2 25. Red1 Rc8 26. Ne4 Nxe4 27. Rxd7 Bb6 28. Nd2 Nf2+ 29. Kh2 Rc2 30. Rxb6 axb6 31. Kg3 Nd3 32. Rd8+ Kh7 33. Be4+ g6 34. Bxd3 Rc3 35. Ne4 Rxd3+ 36. Rxd3 Bxd3 37. Nf6+ Kg7 38. Nd7 b5 39. a3 f6 40. Nc5 Bc4 41. Kf4 g5+ 42. Kg3 f5 43. gxf5 exf5 44. h4 Kf6 45. Nd7+ Ke6 46. Nb6 Bb3 47. hxg5 hxg5 48. Kf3 Bd1+ 49. Ke3 f4+ 50. Ke4 Bc2+ 51. Kf3 Kf5 52. Nd7 g4+ 53. Kf2 g3+ 54. Kg1 f3 55. Nc5 Kg4 56. Ne6 f2+ 57. Kg2 Be4+ 58. Kf1 Bd3+ 59. Kg2 f1Q# 0-1

[Event "RUS-ch Blitz (Women)"]
[Site "Sochi"]
[Date "2023.10.14"]
[Round "13"]
[White "Badelka, Olga"]
[Black "Khmeleva, Anna"]
[Result "1-0"]
[WhiteElo "2386"]
[BlackElo "1769"]
[PlyCount "79"]
[EventDate "2023.10.14"]
[EventType "swiss (blitz)"]
[EventRounds "13"]
[EventCountry "RUS"]
[SourceTitle "Mega2024 Update 01"]
[Source "Chessbase"]
[SourceDate "2023.11.12"]
[SourceVersion "1"]
[SourceVersionDate "2023.11.12"]
[SourceQuality "1"]

1. d4 Nf6 2. Bf4 d6 3. e3 g6 4. Nf3 Bg7 5. c4 0-0 6. Nc3 Nbd7 7. h3 c5 8. Be2 Qa5 9. 0-0 Rd8 10. a3 a6 11. Bh2 cxd4 12. exd4 b6 13. b4 Qh5 14. Ne5 Qh6 15. Bf3 Nxe5 16. dxe5 Bxh3 17. exf6 Bxf6 18. Rc1 Bxg2 19. Bxg2 Rac8 20. Nd5 Bg5 21. Rc3 Rb8 22. f4 Bf6 23. Nxf6+ exf6 24. Rh3 Qg7 25. f5 g5 26. Re1 Rbc8 27. Qd5 g4 28. Rhe3 h5 29. Bxd6 h4 30. c5 bxc5 31. bxc5 h3 32. Rg3 hxg2 33. Qxg2 Kh7 34. Rxg4 Qh6 35. Qh2 Rg8 36. Qxh6+ Kxh6 37. Rxg8 Rxg8+ 38. Kf2 Rg4 39. c6 Rc4 40. c7 1-0

[Event "RUS-ch Blitz (Women)"]
[Site "Sochi"]
[Date "2023.10.14"]
[Round "9"]
[White "Bodnaruk, Anastasia"]
[Black "Khmeleva, Anna"]
[Result "1/2-1/2"]
[WhiteElo "2340"]
[BlackElo "1769"]
[PlyCount "151"]
[EventDate "2023.10.14"]
[EventType "swiss (blitz)"]
[EventRounds "13"]
[EventCountry "RUS"]
[SourceTitle "Mega2024 Update 01"]
[Source "Chessbase"]
[SourceDate "2023.11.12"]
[SourceVersion "1"]
[SourceVersionDate "2023.11.12"]
[SourceQuality "1"]

1. e4 g6 2. d4 Bg7 3. Nc3 d6 4. Be3 a6 5. Qd2 b5 6. h4 h5 7. Nh3 Bb7 8. f3 e5 9. Ng5 exd4 10. Bxd4 Nf6 11. 0-0-0 Nbd7 12. Nd5 Bxd5 13. exd5 0-0 14. Bd3 Nb6 15. Be4 Re8 16. Kb1 Nc4 17. Qf4 Ne5 18. b3 Qd7 19. Rhe1 Rac8 20. Bb2 Nxe4 21. Nxe4 Qf5 22. Qxf5 gxf5 23. Ng3 Ng6 24. Nxf5 Bxb2 25. Kxb2 Kh7 26. g3 Ne5 27. Rf1 Kg6 28. Nd4 c5 29. dxc6 Nxc6 30. Rf2 Nb4 31. f4 Re3 32. a3 Nc6 33. Nf3 Rd8 34. Rd3 Rxd3 35. cxd3 Kf5 36. Rc2 Ne7 37. Nd4+ Kg4 38. Rc7 Nd5 39. Rxf7 Kxg3 40. f5 Kxh4 41. Rg7 Rf8 42. Rg6 Ne7 43. Rxd6 Nxf5 44. Nxf5+ Rxf5 45. Rxa6 Rd5 46. Kc3 Kg4 47. Rg6+ Kf5 48. Rg8 h4 49. Rg1 Kf4 50. a4 bxa4 51. bxa4 Ke3 52. Re1+ Kf2 53. Rh1 Kg3 54. Kc4 Rd8 55. d4 Rc8+ 56. Kb5 Rb8+ 57. Kc5 Rc8+ 58. Kd5 Rd8+ 59. Ke4 Re8+ 60. Kd3 Ra8 61. Ra1 h3 62. Kc4 h2 63. Kb5 Rd8 64. Kc5 Rc8+ 65. Kd5 Rd8+ 66. Ke4 Re8+ 67. Kd3 Ra8 68. Kc3 Rxa4 69. Re1 Ra8 70. Kc4 Rc8+ 71. Kd5 Rd8+ 72. Kc5 Rc8+ 73. Kd6 Rd8+ 74. Kc5 Rc8+ 75. Kd6 Rd8+ 76. Kc5 1/2-1/2

[Event "RUS-ch Blitz (Women)"]
[Site "Sochi"]
[Date "2023.10.14"]
[Round "5"]
[White "Volchkova, Alena"]
[Black "Khmeleva, Anna"]
[Result "0-1"]
[WhiteElo "1942"]
[BlackElo "1769"]
[PlyCount "72"]
[EventDate "2023.10.14"]
[EventType "swiss (blitz)"]
[EventRounds "13"]
[EventCountry "RUS"]
[SourceTitle "Mega2024 Update 01"]
[Source "Chessbase"]
[SourceDate "2023.11.12"]
[SourceVersion "1"]
[SourceVersionDate "2023.11.12"]
[SourceQuality "1"]

1. e4 g6 2. d4 Bg7 3. Nc3 d6 4. Nf3 Nd7 5. Be3 a6 6. Qd2 b5 7. h4 h5 8. 0-0-0 Bb7 9. Bd3 c5 10. dxc5 Nxc5 11. Bxc5 dxc5 12. Nxb5 c4 13. Bxc4 Qxd2+ 14. Rxd2 axb5 15. Bxb5+ Kf8 16. Rhd1 Bh6 17. Ng5 Kg7 18. Kb1 Bxg5 19. hxg5 Bxe4 20. f3 Bf5 21. Rd8 Ra5 22. Bc4 f6 23. Re1 Ra7 24. f4 Rc7 25. Bb3 fxg5 26. fxg5 e6 27. Bxe6 Bxc2+ 28. Ka1 Ne7 29. Rxh8 Kxh8 30. b4 Nc6 31. b5 Nd4 32. b6 Rb7 33. Bd5 Rxb6 34. Re8+ Kg7 35. Rg8+ Kh7 36. Re8 Rb1# 0-1

[Event "RUS-ch Blitz (Women)"]
[Site "Sochi"]
[Date "2023.10.14"]
[Round "3"]
[White "Yurasova, Daria"]
[Black "Khmeleva, Anna"]
[Result "1-0"]
[WhiteElo "2023"]
[BlackElo "1769"]
[PlyCount "61"]
[EventDate "2023.10.14"]
[EventType "swiss (blitz)"]
[EventRounds "13"]
[EventCountry "RUS"]
[SourceTitle "Mega2024 Update 01"]
[Source "Chessbase"]
[SourceDate "2023.11.12"]
[SourceVersion "1"]
[SourceVersionDate "2023.11.12"]
[SourceQuality "1"]

1. d4 Nf6 2. Bg5 g6 3. Bxf6 exf6 4. e3 Bg7 5. g3 0-0 6. Bg2 Re8 7. Ne2 d5 8. 0-0 Bf5 9. Nd2 c6 10. c4 Be4 11. cxd5 Bxg2 12. Kxg2 Qxd5+ 13. Kg1 f5 14. Nc3 Qd7 15. Na4 Na6 16. Nb3 b6 17. Rc1 Rad8 18. Qd3 Nb4 19. Qc4 Nxa2 20. Ra1 b5 21. Nbc5 bxc4 22. Nxd7 Rxd7 23. Rxa2 Bf8 24. Rc1 c5 25. Nxc5 Bxc5 26. dxc5 Re4 27. Ra4 Rb7 28. c6 Rxb2 29. c7 Re8 30. Raxc4 Rc8 31. Rd1 1-0

[Event "Sochi Pearl Blitz op"]
[Site "Sochi"]
[Date "2023.10.12"]
[Round "1"]
[White "Lugovskoy, Maxim"]
[Black "Khmeleva, Anna"]
[Result "1-0"]
[WhiteElo "2384"]
[BlackElo "1769"]
[PlyCount "85"]
[EventDate "2023.10.12"]
[EventType "swiss (blitz)"]
[EventRounds "13"]
[EventCountry "RUS"]
[SourceTitle "Mega2024 Update 01"]
[Source "Chessbase"]
[SourceDate "2023.11.12"]
[SourceVersion "1"]
[SourceVersionDate "2023.11.12"]
[SourceQuality "1"]

1. e4 g6 2. d4 Bg7 3. Nc3 d6 4. Nf3 Nd7 5. Be2 a6 6. a4 c5 7. 0-0 cxd4 8. Nxd4 Ngf6 9. Be3 0-0 10. f3 Qc7 11. Kh1 b6 12. Qd2 Bb7 13. Bh6 Rac8 14. Bxg7 Kxg7 15. Bd3 h6 16. Rae1 Ne5 17. f4 Nxd3 18. cxd3 e5 19. fxe5 dxe5 20. Nc2 Rfd8 21. Rxf6 Kxf6 22. Qxh6 Rxd3 23. Ne3 Ke6 24. Rf1 Qe7 25. Ned5 Bxd5 26. Nxd5 Rxd5 27. Qh3+ Kd6 28. exd5 Rc5 29. Qe3 Kxd5 30. b4 Rc6 31. b5 axb5 32. axb5 Rc5 33. h3 f5 34. Qb3+ Kd6 35. Qa2 Qc7 36. Qg8 Rc1 37. Qxg6+ Kd5 38. Qxf5 Qc4 39. Qd7+ Ke4 40. Qf5+ Kd5 41. Qf7+ Kc5 42. Qc7+ Kxb5 43. Rxc1 1-0

[Event "RUS-ch Higher League (Women) 71st"]
[Site "Cheboksary"]
[Date "2021.06.30"]
[Round "5"]
[White "Khmeleva, Anna"]
[Black "Nikolaeva, Nadezhda"]
[Result "0-1"]
[WhiteElo "1640"]
[BlackElo "1839"]
[PlyCount "108"]
[EventDate "2021.06.26"]
[EventType "swiss"]
[EventRounds "9"]
[EventCountry "RUS"]
[SourceTitle "CBM 203 Extra"]
[Source "ChessBase"]
[SourceDate "2021.09.30"]
[SourceVersion "1"]
[SourceVersionDate "2021.09.30"]
[SourceQuality "1"]

1. e4 c5 2. d4 cxd4 3. c3 Nf6 4. e5 Nd5 5. cxd4 d6 6. Nf3 Nc6 7. exd6 e6 8. Nc3 Bxd6 9. Bd3 Nf4 10. Bxf4 Bxf4 11. 0-0 0-0 12. a3 g6 13. Bc4 Bh6 14. Qd3 Bg7 15. Rfd1 a6 16. Rac1 b5 17. Ba2 Bb7 18. Ne4 Ne7 19. g3 Bh6 20. Rc2 Bd5 21. Nf6+ Kh8 22. Bxd5 Nxd5 23. Ng4 Bg7 24. Rdc1 Kg8 25. Nge5 f6 26. Nc6 Qd7 27. Nd2 Rfc8 28. f4 Rc7 29. Nb3 Rac8 30. Nb4 Nxb4 31. axb4 Rxc2 32. Rxc2 Rxc2 33. Qxc2 f5 34. Qc3 h6 35. Kf2 Qd5 36. Ke3 Qg2 37. Qc8+ Kh7 38. Qxe6 Qxh2 39. Kf3 Qxb2 40. Qe3 Qb1 41. Kf2 Qc2+ 42. Kf3 Qc4 43. Kg2 Qxb4 44. d5 Qc4 45. Qf3 Bf8 46. Kh3 Qe4 47. Qd1 Bd6 48. Kh2 h5 49. Kh3 h4 50. Kxh4 Qg2 51. Qe1 Qh2+ 52. Kg5 Qh6+ 53. Kf6 Qg7+ 54. Kg5 Be7+ 0-1